| 000 | 01217cam a2200217 4500 | ||
|---|---|---|---|
| 001 | WB3916-11 | ||
| 008 | 030429n2003 000 0 eng u | ||
| 035 | _a(Sirsi) u122102 | ||
| 245 | _aManagement Consultancy Report 2002 | ||
| 260 | _c2003 | ||
| 490 |
_aManagement Consultancies Association Press Release _v 28 April 2003, (2) |
||
| 520 | _aAnnual report of the Management Consultancies Association (MVA) illustrates the effect of lower growth on the profession with fee incomes for leading UK consultancy firms down to 4% in 2002, down from 17% in 2001. This growth was sustained by increasing work in the public sector which compensated for the decline in the private sector. Areas that have performed relatively well include IT, aerospace,defence and insurance sectors. MCA president Ian Watmore argues the industry needs to adapt to a sustained period of lower growth. For the MCA Press Release: http://www.mca.org.uk/index.cfm?gopage=news&issearch=1&News__Ref=418&xprint=1 | ||
| 590 | _aWB | ||
| 650 | _aMANAGEMENT CONSULTANCIES ASSOCIATION | ||
| 650 | _aFEE INCOME | ||
| 650 | _aECONOMIC DOWNTURN | ||
| 650 | _aDEFENCE SECTOR | ||
| 650 | _aINSURANCE SECTOR | ||
| 690 | _aMANAGEMENT | ||
| 942 | _n0 | ||
| 999 |
_c72556 _d72556 |
||